| 000 | 00577cam a22001932 4500 | ||
|---|---|---|---|
| 001 | 0000001400 | ||
| 005 | 20151217145724.0 | ||
| 008 | 070308s xx 000 0 eng d | ||
| 020 | _a058227656x | ||
| 040 |
_aKABU _cKABU |
||
| 050 | 0 |
_aHC79 _b.E5B69 |
|
| 100 | 1 |
_aBowers, John. _@0000150105 |
|
| 245 | 1 | 0 |
_aSustainability and environmental economics : _ban alternative text. / _cJohn Bowers. |
| 260 |
_aHarlow, England : _bPearson/Prentice Hall, _c1997. |
||
| 300 | _a238 p. | ||
| 852 | 1 | _9p4550 KES | |
| 908 | _a070308 | ||
| 950 | _@1 | ||
| 999 |
_c1908 _d1908 |
||